| 000 | 00418nam a2200145Ia 4500 | ||
|---|---|---|---|
| 003 | OSt | ||
| 005 | 20260123085446.0 | ||
| 008 | 211028s2016 xx 000 0 und d | ||
| 040 | _cAIMIT LIBRARY | ||
| 041 | _aeng | ||
| 100 |
_aSalim, Ajmal; Wright, Rowena. _g1416005 _97426 |
||
| 245 | _aStudy on customer perception towards Aiswarya silks Kottayam / | ||
| 260 |
_aMangalore _bRowena Wright. _c2016 |
||
| 942 |
_2ddc _cPRO |
||
| 999 |
_c218996 _d218996 |
||